000 00754nam a2200241 u 4500
005 20250924063933.0
008 091202s2004 es r 000 0 spa d
020 _a8426355463
035 _aUPN01000174070
049 _aI
050 4 _aPZ78
_bP7.5 2004
100 1 _aPreller, James,
_d1961-
_930388
245 1 3 _aLa momia misteriosa /
_cJames Preller ; il. Peter Nieländer ; tr. Frank Schleper.
250 _a3a ed.
260 _aZaragoza, Esp. :
_bEdelvives,
_c2004.
300 _a79 p. :
_bil. col.
440 0 _aNino Puzle ;
_v8
534 _pTítulo original:
_tThe case of the mummy mystery
650 4 _aLiteratura juvenil
_95153
650 4 _aFantasmas
_vLiteratura infantil
_911355
700 1 _aNieländer, Peter,
_eil.
905 _aLibro
999 _c146174
_d146174